Normal view
MARC view
- العامري، عمار طاهر، م. مشارك حوراء علي المندلاوي
Entry Personal Name
001 - CONTROL NUMBER
- control field: 63117
003 - CONTROL NUMBER IDENTIFIER
- control field: JO-AjAnu
005 - DATE AND TIME OF LATEST TRANSACTION
- control field: 20230606084314.0
008 - FIXED-LENGTH DATA ELEMENTS
- fixed length control field: 230606|| aca||aabn | a|a d
040 ## - CATALOGING SOURCE
- Original cataloging agency: JO-AjAnu
- Transcribing agency: JO-AjAnu
100 ## - HEADING--PERSONAL NAME
- Personal name: العامري، عمار طاهر، م. مشارك حوراء علي المندلاوي
670 ## - SOURCE DATA FOUND
- Source citation: Work cat.: (JO-AjAnu)32181: العامري، عمار طاهر، م. مشارك حوراء علي المندلاوي, author, التفاعلية في المواقع الالكترونية بين الانفتاح الإفتراضي وتغيير مفهوم الزمكانية الرقمية